Populous Cities: Europe Quiz Stats

Quiz Updated Oct 15, 2014

Challenge
Share
Tweet
Embed
Score 0/54 Timer 07:00
16 Plays Today
% Correct
Paris
99.1%
Berlin
95.9%
Stockholm
94.2%
Madrid
93.5%
Moscow
92.8%
Marseille
92.8%
London
92.7%
Copenhagen
92.6%
Rome
92.6%
Barcelona
92.6%
Athens
92.3%
Brussels
91.9%
Hamburg
91.9%
Budapest
91.5%
Amsterdam
91.3%
Lyon
91.3%
Munich
90.9%
Warsaw
90.7%
Milan
90.3%
Lisbon
90%
Kiev
89.9%
Saint Petersburg
89.9%
Birmingham
89.5%
Naples
87.6%
Leeds
86.6%
Kraków
84.6%
Valencia
82.6%
% Correct
Bucharest
82.3%
Antwerp
82%
Thessaloniki
79%
Porto
78.3%
Rotterdam
77.6%
Belgrade
76.9%
The Hague
75.3%
Vilnius
73.4%
Gothenburg
70.5%
Malmö
68.2%
Ghent
65.6%
Odessa
61.6%
Aarhus
59.7%
Vila Nova de Gaia
58.7%
Nizhny Novgorod
58.5%
Łódź
58%
Kharkov
50.6%
Piraeus
47.7%
Kaunas
44.6%
Odense
43.2%
Cluj-Napoca
43.1%
Debrecen
38%
Novi Sad
37.8%
Timișoara
34.3%
Klaipėda
33.4%
Miskolc
32.3%
Niš
32.2%

You're not logged in!

Compare scores with friends on all Sporcle quizzes.
Sign Up with Email
OR
Log In

You Might Also Like...

Show Comments

Extras

Top Quizzes Today


Score Distribution

Your Account Isn't Verified!

In order to create a playlist on Sporcle, you need to verify the email address you used during registration. Go to your Sporcle Settings to finish the process.